| 000 | 01642 am a2200469 a 4500 | ||
|---|---|---|---|
| 005 | 20240701112658.0 | ||
| 008 | 100830s1998||||mx a f |||| 001 0 spa d | ||
| 020 | _a9682523524 | ||
| 041 | _aspa | ||
| 092 |
_c617 _l77 _sSCH |
||
| 100 | 1 |
_aSchwartz, Seymour I. _91316 |
|
| 245 |
_aPrincipios de Cirugía. _bT.1 / _cSeymour I. Schwartz |
||
| 250 | _a6a ed. | ||
| 260 |
_aMéxico: _bInteramericana ; McGraw-Hill; _c1998. |
||
| 300 |
_a1-1019 p. _bil. |
||
| 500 | _aSchwartz, S. I., Shires III, G. T. y Spencer, F. C. (1998). Principios de Cirugía. T.1 (6a ed.). México : Interamericana ; McGraw-Hill. | ||
| 653 | _aRespuestas endocrinas y metabolicas a lesiones | ||
| 653 | _aAtención hidroelectrolitica y nutricional del paciente quirúrgico | ||
| 653 | _aHemostasia, hemorragia quirúrgica y transfusión | ||
| 653 | _aChoque | ||
| 653 | _aInfecciones quirúrgicas | ||
| 653 | _aTraumatismos | ||
| 653 | _aQuemaduras | ||
| 653 | _aCuidado y cicatrización de heridas | ||
| 653 | _aOncología | ||
| 653 | _aTransplantes | ||
| 653 | _aComplicaciones quirúrgicas | ||
| 653 | _aVigilancia fisiológica del paciente quirúrgico | ||
| 653 | _aPiel y tejido subcutáneo | ||
| 653 | _aMama | ||
| 653 | _aTumores de cabeza y cuello | ||
| 653 | _aPared torácica, pleura, pulmón y mediastino | ||
| 653 | _aCardiopatías congénitas | ||
| 653 | _aCardiopatías adquiridas | ||
| 653 | _aEnfermedad de los grandes vasos | ||
| 653 | _aEnfermedades arteriales periféricas | ||
| 700 | 1 |
_aShires III, G. Tom. _91317 |
|
| 700 | 1 |
_aSpencer, Frank C. _91318 |
|
| 930 | _a868 | ||
| 930 | _a871 | ||
| 942 |
_2ddc _cBK |
||
| 999 |
_c637 _d637 |
||